Design of concrete structures (Record no. 3628)

000 -LEADER
fixed length control field 00663nam a2200229 a 4500
001 - CONTROL NUMBER
control field 3628
003 - CONTROL NUMBER IDENTIFIER
control field BD-DhUET
008 - FIXED-LENGTH DATA ELEMENTS--GENERAL INFORMATION
fixed length control field 850621s1985 enka b 101 0 eng
020 ## - INTERNATIONAL STANDARD BOOK NUMBER
International Standard Book Number 007Y665486
040 ## - CATALOGING SOURCE
Original cataloging agency DLC
Transcribing agency DLC
Modifying agency BD-DhUET
082 00 - DEWEY DECIMAL CLASSIFICATION NUMBER
Classification number 624.183
Item number NIL/1986
100 ## - MAIN ENTRY--PERSONAL NAME
Personal name Nilson, Arthur H.
245 00 - TITLE STATEMENT
Title Design of concrete structures
Statement of responsibility, etc. by Arthur H. Nilson and George Winter
250 ## - EDITION STATEMENT
Edition statement 10th ed.
260 ## - PUBLICATION, DISTRIBUTION, ETC. (IMPRINT)
Place of publication, distribution, etc. New York:
Name of publisher, distributor, etc. McGraw Hill Book Company,
Date of publication, distribution, etc. 1986.
300 ## - PHYSICAL DESCRIPTION
Extent xi, 380 p. :
Other physical details ill. ;
Dimensions 23 cm.
490 ## - SERIES STATEMENT
Series statement Civil engineering series
504 ## - BIBLIOGRAPHY, ETC. NOTE
Bibliography, etc Includes bibliographies
650 #0 - SUBJECT ADDED ENTRY--TOPICAL TERM
Topical term or geographic name as entry element Reinforced concrete
700 ## - ADDED ENTRY--PERSONAL NAME
Personal name Winter, George
942 ## - ADDED ENTRY ELEMENTS (KOHA)
Koha item type General Book
Holdings
Lost status Koha date last seen Date acquired Price effective from Location (home branch) Koha normalized classification for sorting Damaged status Koha full call number Koha item type Koha date last borrowed Koha issues (times borrowed) Koha renewals Source of classification or shelving scheme Koha out on loan Not for loan Withdrawn status Sublocation or collection (holding branch) Copy number Shelving location Piece designation (barcode)
 2026-02-232014-11-022014-11-02Central Library, BUET624_000000000000000_183NIL1986 624.183/NIL/1986General Book2026-02-2361 2027-02-23  Central Library, BUET1Circulation section77873
 2024-12-041990-10-232024-12-04Central Library, BUET624_183000000000000_NIL_1986 624.183 NIL/1986Rental Item       Central Library, BUET১০/ক-১Rental section77816
 2024-12-041990-10-232024-12-04Central Library, BUET624_183000000000000_NIL_1986 624.183 NIL/1986Rental Item       Central Library, BUET১০/ক-২Rental section77817
 2024-12-041990-10-232024-12-04Central Library, BUET624_183000000000000_NIL_1986 624.183 NIL/1986Rental Item       Central Library, BUET১০/ক-৩Rental section77818
 2024-12-041990-10-232024-12-04Central Library, BUET624_183000000000000_NIL_1986 624.183 NIL/1986Rental Item       Central Library, BUET১০/ক-৪Rental section77819
 2024-12-041990-10-232024-12-04Central Library, BUET624_183000000000000_NIL_1986 624.183 NIL/1986Rental Item       Central Library, BUET১০/ক-৫Rental section77820
 2024-12-041990-10-232024-12-04Central Library, BUET624_183000000000000_NIL_1986 624.183 NIL/1986Rental Item       Central Library, BUET১০/ক-৬Rental section77821
 2024-12-041990-10-232024-12-04Central Library, BUET624_183000000000000_NIL_1986 624.183 NIL/1986Rental Item       Central Library, BUET১০/ক-৭Rental section77822
 2024-12-041990-10-232024-12-04Central Library, BUET624_183000000000000_NIL_1986 624.183 NIL/1986Rental Item       Central Library, BUET১০/ক-৮Rental section77823
 2024-12-041990-10-232024-12-04Central Library, BUET624_183000000000000_NIL_1986 624.183 NIL/1986Rental Item       Central Library, BUET১০/ক-৯Rental section77824
 2024-12-041990-10-232024-12-04Central Library, BUET624_183000000000000_NIL_1986 624.183 NIL/1986Rental Item       Central Library, BUET১০/ক-১০Rental section77825
 2024-12-041990-10-232024-12-04Central Library, BUET624_183000000000000_NIL_1986 624.183 NIL/1986Rental Item       Central Library, BUET১০/ক-১১Rental section77826
 2024-12-041990-10-232024-12-04Central Library, BUET624_183000000000000_NIL_1986 624.183 NIL/1986Rental Item       Central Library, BUET১০/ক-১২Rental section77827
 2024-12-041990-10-232024-12-04Central Library, BUET624_183000000000000_NIL_1986 624.183 NIL/1986Rental Item       Central Library, BUET১০/ক-১৩Rental section77828
 2024-12-041990-10-232024-12-04Central Library, BUET624_183000000000000_NIL_1986 624.183 NIL/1986Rental Item       Central Library, BUET১০/ক-১৪Rental section77829
 2024-12-041990-10-232024-12-04Central Library, BUET624_183000000000000_NIL_1986 624.183 NIL/1986Rental Item       Central Library, BUET১০/ক-১৫Rental section77830
 2024-12-041990-10-232024-12-04Central Library, BUET624_183000000000000_NIL_1986 624.183 NIL/1986Rental Item       Central Library, BUET১০/ক-১৬Rental section77831
 2024-12-041990-10-232024-12-04Central Library, BUET624_183000000000000_NIL_1986 624.183 NIL/1986Rental Item       Central Library, BUET১০/ক-১৭Rental section77832
 2024-12-041990-10-232024-12-04Central Library, BUET624_183000000000000_NIL_1986 624.183 NIL/1986Rental Item       Central Library, BUET১০/ক-১৮Rental section77833
 2024-12-041990-10-232024-12-04Central Library, BUET624_183000000000000_NIL_1986 624.183 NIL/1986Rental Item       Central Library, BUET১০/ক-১৯Rental section77834
 2024-12-041990-10-232024-12-04Central Library, BUET624_183000000000000_NIL_1986 624.183 NIL/1986Rental Item       Central Library, BUET১০/ক-২০Rental section77835